50 Biggest Cities in Costa Rica - Statistics

General Stats
  • This quiz has been taken 45 times
  • The average score is 20 of 50
Answer Stats
Rank Population Answer % Correct
1 1,453,500 San José
100%
7 65,300 Limón
96%
4 196,900 Alajuela
88%
2 367,900 Heredia
88%
5 87,500 Puntarenas
88%
8 59,100 Liberia
81%
3 232,300 Cartago
73%
10 40,600 San Ramón
69%
6 66,300 San Isidro de El General
58%
14 31,000 San Isidro de Heredia
58%
24 16,600 Santa Cruz
58%
9 57,500 San Rafael
54%
16 29,900 Turrialba
54%
15 30,700 Palmares
50%
12 38,300 Grecia
46%
11 38,800 Guápiles
46%
23 17,300 Nicoya
46%
13 32,300 Quesada
46%
27 14,400 Jacó
42%
25 16,100 Puerto Quepos
42%
38 10,500 Puerto Viejo de Sarapiquí
42%
30 12,200 San Miguel de Santo Domingo
42%
40 9,300 Atenas
38%
20 22,700 Cañas
38%
44 9,140 San Pedro de Poás
38%
48 8,030 Miramar
35%
26 15,400 La Fortuna
31%
45 8,640 Orotina
31%
46 8,170 Santiago de Puriscal
31%
22 18,700 Buenos Aires
27%
33 11,700 Florencia
27%
28 13,800 Guácimo
27%
17 28,600 Esparza
23%
49 7,980 Golfito
23%
19 22,800 Siquirres
23%
18 26,000 Cariari
19%
42 9,180 Cot
19%
21 19,900 Naranjo
19%
36 10,800 Parrita
19%
37 10,500 Aguas Zarcas
15%
47 8,050 Bagaces
15%
35 11,000 Batán
15%
29 12,800 Neily
15%
32 12,000 Pital
15%
34 11,200 Sardinal
15%
41 9,290 Carrillos
12%
43 9,670 Rita
12%
39 9,550 Canoas
8%
50 7,900 Roxana
8%
31 12,100 Tobosi
8%
No matching quizzes found
Score Distribution
Percent of People with Each Score
Percentile by Number Answered
Your Score History
You have not taken this quiz